Find the Roman Gods Quiz Stats

Quiz Updated Mar 15, 2016

Challenge
Share
Tweet
Score 0/15 Timer 03:00
4 Plays Today
% Correct
Cupid
god of desire
86.3%
Neptune
god of the sea
86%
Jupiter
king of the gods
79.5%
Bacchus
god of wine
78.7%
Venus
goddess of love
77.8%
Vulcan
god of the forge
75.3%
Mars
god of war
74.6%
Pluto
god of the underworld
72.7%
% Correct
Mercury
god of commerce
72.1%
Juno
queen of the gods
70.9%
Diana
goddess of the hunt
60.7%
Ceres
goddess of agriculture
58.9%
Vesta
goddess of hearth
57.4%
Minerva
goddess of wisdom
52.8%
Apollo
god of the sun
51.3%

You're not logged in!

Compare scores with friends on all Sporcle quizzes.
Sign Up with Email
OR
Log In

You Might Also Like...

Show Comments

Extras

Top Quizzes Today


Score Distribution

Your Account Isn't Verified!

In order to create a playlist on Sporcle, you need to verify the email address you used during registration. Go to your Sporcle Settings to finish the process.